000 00658nam a2200241 i 4500
001 C2-0021610
003 PPAK
005 20190630221956.0
008 970203s1980 enk |||| ||||| | eng d
020 _a0193113201
040 _aPPAK
_beng
_cPPAK
_erda
082 0 4 _a780.3
_223
090 0 0 _a780.3
_bKEN
_dR
100 1 _aKennedy, Michael,
_eauthor
245 1 4 _aThe concise Oxford dictionary of music
264 1 _aLondon :
_bOxford University Press ,
_c1980
300 _avii, 724 pages ;
_c20 cm
336 _2rdacontent
_atext
337 _2rdamedia
_aunmediated
338 _2rdacarrier
_avolume
650 1 0 _aMusic - dictionaries
942 _ddc
_cB
999 _c4502
_d4502